Dnešok i naša minulosť v ekonomike? 2

Reakcia na správu Hospodársky vývoj Slovenska v 1. polroku 1995, uverejnenú 22.11.1995. Porovnanie produktivity práce s vyspelými krajinami. Možnosti jej zvyšovania. Úpadok v priemysle a v ďalších oblastiach ekonomiky a sociálnej sféry. Hľadanie východísk z nepriaznivej situácie.

Saved in:
Bibliographic Details
Main Author: Ďurkovič, H.
Format: Book Chapter
Language:Slovak
Subjects:
Tags: Add Tag
No Tags, Be the first to tag this record!

MARC

LEADER 00000naa a2200000 4500
001 r019022
005 20221205101802.8
041 0 |a slo 
044 |a SK 
245 1 0 |a Dnešok i naša minulosť v ekonomike? 2  |c H. Ďurkovič 
520 |a Reakcia na správu Hospodársky vývoj Slovenska v 1. polroku 1995, uverejnenú 22.11.1995. Porovnanie produktivity práce s vyspelými krajinami. Možnosti jej zvyšovania. Úpadok v priemysle a v ďalších oblastiach ekonomiky a sociálnej sféry. Hľadanie východísk z nepriaznivej situácie. 
610 2 0 |a Slovensko 
610 2 0 |a 1970-1995 
610 2 0 |a rast hospodársky 
610 2 0 |a úpadok hospodársky 
610 2 0 |a produktivita práce 
610 2 0 |a politika hospodárska 
100 1 |a Ďurkovič, H.